Most Guessed Non-Recognized Countries and Territories - Statistics

General Stats
  • This quiz has been taken 110 times
  • The average score is 5 of 12
Answer Stats
% Country % Correct
89 Greenland
79%
79 Palestine
78%
72 Puerto Rico
53%
69 Western Sahara
45%
59 Guam
40%
58 British Virgin Islands
36%
57 U.S. Virgin Islands
36%
66 Faroe Islands
33%
66 Bermuda
31%
84 French Guiana
31%
73 Falkland Islands
26%
76 American Samoa
23%
No matching quizzes found
Score Distribution
Percent of People with Each Score
Percentile by Number Answered
Your Score History
You have not taken this quiz